Most Agile Countries - Statistics

General Stats
  • This quiz has been taken 24 times
  • The average score is 17 of 20
Answer Stats
Rank Answer % Correct
18 France
100%
2 Canada
95%
10 Germany
95%
1 United States
95%
11 Denmark
90%
12 Finland
90%
6 Japan
90%
8 Norway
90%
7 Sweden
90%
14 United Kingdom
90%
3 Australia
86%
4 New Zealand
86%
13 South Korea
86%
9 Netherlands
81%
5 Singapore
81%
20 Belgium
76%
16 Switzerland
76%
17 Spain
71%
15 United Arab Emirates
71%
19 China
67%
No matching quizzes found
Score Distribution
Percent of People with Each Score
Percentile by Number Answered
Your Score History
You have not taken this quiz